000 00281nam a22001337a 4500
008 170301b xxu||||| |||| 00| 0 eng d
020 _a9780397510788
041 _aeng
080 _a61
100 _a6
101 _ashm
245 _aTHORACIC ANETHESIA
_cCOHEN.E
942 _2udc
_cBK
999 _c6500
_d6500